Construction statistics (Record no. 113054)

MARC details
000 -LEADER
fixed length control field 01484cad a22002175a 4500
001 - CONTROL NUMBER
control field L154597
008 - FIXED-LENGTH DATA ELEMENTS--GENERAL INFORMATION
fixed length control field 120105s2011 000 0 eng u
035 ## - SYSTEM CONTROL NUMBER
System control number (Sirsi) u154597
041 0# - LANGUAGE CODE
Language code of text/sound track or separate title eng
110 1# - MAIN ENTRY--CORPORATE NAME
Corporate name or jurisdiction name as entry element United Kingdom
Subordinate unit Department for Business, Innovation and Skills
9 (RLIN) 5760
245 00 - TITLE STATEMENT
Title Construction statistics
Medium [electronic resource]
260 ## - PUBLICATION, DISTRIBUTION, ETC.
Place of publication, distribution, etc. London
Name of publisher, distributor, etc. BIS
Date of publication, distribution, etc. 2011
520 ## - SUMMARY, ETC.
Summary, etc. BIS Construction Market Intelligence (CMI) has responsibility for the collection, analysis and publication of statistics on the construction sector. The service includes regular statistical analyses of building materials and overseas trade, price and cost indices and key performance indicators for the construction industry; statistical advice and BIS economists assess the construction market and the formulation of efficient policies. Publications and organisations are Monthly Statistics of Building Materials and Components, BIS Construction Price and Cost Indices Online, Construction Key Performance Indicators, Output and New Orders in the Construction Industry, and Consultative Committee on Construction Industry Statistics (CCCIS).
590 ## - LOCAL NOTE (RLIN)
Local note KA
651 #4 - SUBJECT ADDED ENTRY--GEOGRAPHIC NAME
Geographic name United Kingdom
Chronological subdivision
690 ## - LOCAL SUBJECT ADDED ENTRY--TOPICAL TERM (OCLC, RLIN)
Topical term or geographic name as entry element BUILT ENVIRONMENT-BUILDING COSTS
690 ## - LOCAL SUBJECT ADDED ENTRY--TOPICAL TERM (OCLC, RLIN)
Topical term or geographic name as entry element BUILT ENVIRONMENT-CONSTRUCTION MARKET
710 1# - ADDED ENTRY--CORPORATE NAME
Corporate name or jurisdiction name as entry element United Kingdom
Subordinate unit Office of National Statistics
9 (RLIN) 2035
856 40 - ELECTRONIC LOCATION AND ACCESS
Uniform Resource Identifier <a href="https://www.bis.gov.uk/analysis/statistics/construction-statistics">https://www.bis.gov.uk/analysis/statistics/construction-statistics</a>
Public note View the website at www.bis.gov.uk
942 ## - ADDED ENTRY ELEMENTS (KOHA)
Suppress in OPAC 0
Holdings
Withdrawn status Lost status Source of classification or shelving scheme Damaged status Not for loan Home library Current library Shelving location Date acquired Total Checkouts Full call number Barcode Date last seen Copy number Price effective from Koha item type
    Dewey Decimal Classification     Virtual Virtual Online 05/01/2012   WEB-SITE 154597-2001 06/08/2019 1 06/08/2019 Online material